<?xml version="1.0" encoding="UTF-8"?>
<collection xmlns="http://www.loc.gov/MARC21/slim">
 <record>
  <leader>01380pamaa2200205   4500</leader>
  <controlfield tag="001">0000050706</controlfield>
  <controlfield tag="005">20130118090000.0</controlfield>
  <controlfield tag="008">120926s2011                             eng  </controlfield>
  <datafield tag="020" ind1="0" ind2="0">
   <subfield code="a">9781579224233 (pbk.) </subfield>
  </datafield>
  <datafield tag="090" ind1="0" ind2="0">
   <subfield code="a">LB1027.23 </subfield>
   <subfield code="b">CAU 2011</subfield>
  </datafield>
  <datafield tag="100" ind1="1" ind2="0">
   <subfield code="a">Caulfield </subfield>
  </datafield>
  <datafield tag="245" ind1="1" ind2="0">
   <subfield code="a">How to design and teach a hybrid course : </subfield>
   <subfield code="b">achieving student-centered learning through blended classroom, online, and experiential activities  </subfield>
   <subfield code="c">Jay Caulfield; </subfield>
   <subfield code="f">oreword by Alan Aycock.</subfield>
  </datafield>
  <datafield tag="250" ind1="0" ind2="0">
   <subfield code="a">1st ed.</subfield>
  </datafield>
  <datafield tag="260" ind1="0" ind2="0">
   <subfield code="a">Sterling, VA.: </subfield>
   <subfield code="b">Stylus Pub., </subfield>
   <subfield code="c">2011.</subfield>
  </datafield>
  <datafield tag="300" ind1=" " ind2=" ">
   <subfield code="a">xii, 251 p.: </subfield>
   <subfield code="b">ill.; </subfield>
   <subfield code="c">24 cm.</subfield>
  </datafield>
  <datafield tag="501" ind1="0" ind2="0">
   <subfield code="a">CITS</subfield>
  </datafield>
  <datafield tag="504" ind1="0" ind2="0">
   <subfield code="a">Includes bibliographical references and indexes</subfield>
  </datafield>
  <datafield tag="505" ind1="0" ind2="0">
   <subfield code="a">Introduction: what is hybrid? -- Theoretical applications -- Experiential learning -- Planning your hybrid course: critical questions to consider -- Designing and teaching your hybrid course -- Discussion as a way of learning in a hybrid course -- Providing and soliciting student feedback -- Using small groups as a learning strategy -- Meeting student expectations -- Enhancing teaching through the use of technology -- Interview data -- What students say about hybrid -- What the best hybrid teachers say -- What the best hybrid teachers do -- Concluding chapter -- Conclusion: coming full circle, future research &amp; final reflections</subfield>
  </datafield>
  <datafield tag="650" ind1="0" ind2="0">
   <subfield code="a">Student-centered learning </subfield>
  </datafield>
  <datafield tag="901" ind1=" " ind2=" ">
   <subfield code="u">www.styluspub.com</subfield>
  </datafield>
 </record>
</collection>
